[Event "ARA Campeonato de Aragon por Equipos Preferente Grupo I (204363)"]
[Site ""]
[Date "2019.03.02"]
[Round "6.40"]
[White "De La Riva Fernandez, Eduardo"]
[Black "Carruez Berges, Fernando"]
[Result "0-1"]
[WhiteElo "1794"]
[BlackElo "1993"]
[PlyCount "0"]
[WhiteTeam "El Olivar C"]
[BlackTeam "Agrupacion B"]
[EventDate "2019.01.26"]

1. e4 e6 2. d4 d5 3. Nd2 Nc6 4. c3 e5 5. exd5 Qxd5 6. Ngf3 Bg4 7. Bc4 Qd7 8. O-O
O-O-O 9. d5 Na5 10. Nxe5 Bxd1 11. Nxd7 Nxc4 12. Rxd1 Nxd2 13. Bxd2 Rxd7 14. c4
Nf6 15. Rac1 Ne4 16. Be3 Bc5 17. Bxc5 Nxc5 18. b4 Ne4 19. f3 Nf6 20. Rc3 Rhd8
21. Rcd3 b5 22. Rc1 bxc4 23. Rxc4 Nxd5 24. Ra3 Kb7 25. Rc5 Rd6 26. Rb3 Rc6 27.
Rb5+ Rb6 28. Rc5 Nxb4 29. Rbc3 Na6 30. R5c4 Rb2 31. h4 Rxa2 32. Rb3+ Kc8 33.
Rb5 c5 34. Rg4 g6 35. Rb3 Rd4 36. Rg3 Rxh4 37. Re3 Kd7 38. Rd3+ Rd4 39. Rb3 Kc6
40. Re3 f5 41. Re7 Rd7 42. Re8 c4 43. f4 Rd3 44. Rg5 c3 45. Re1 c2 46. Rg3 Rxg3
47. Kh2 Rxg2+ 48. Kh1 Re2  0-1

[Event "ARA Campeonato de Aragon por Equipos Preferente Grupo I (204363)"]
[Site ""]
[Date "2019.03.02"]
[Round "6.42"]
[White "Jimenez Fernandez, Alejandro"]
[Black "Miranda Herrera, Jorge Manuel"]
[Result "0-1"]
[WhiteElo "1985"]
[BlackElo "1950"]
[PlyCount "0"]
[WhiteTeam "Ibercaja B"]
[BlackTeam "Monsalud-Soluzion"]
[EventDate "2019.01.26"]

1. d4 d5 2. c4 c6 3. Nc3 Nf6 4. Nf3 g6 5. Bf4 dxc4 6. a4 Nd5 7. Be5 f6 8. Bg3
Be6 9. e4 Nb4 10. Be2 Bh6 11. h4 N8a6 12. h5 Qd7 13. hxg6 hxg6 14. Bf4 g5 15.
Be3 O-O-O 16. Na2 Nxa2 17. Rxa2 g4 18. Nh4 g3 19. f4 c3 20. Ra1 cxb2 21. Rb1
Qd6 22. Qd2 Qa3 23. Ng6 Bxf4 24. Rxh8 Rxh8 25. Nxh8 Bxe3 26. Qxb2 Qxb2 27. Rxb2
Bxd4 28. Rb1 Nc5 29. Bf3 Ba2 30. Rd1 e5 31. Ng6 Nxa4 32. Ne7+ Kc7 33. Nf5 Bf2+
34. Kd2 Nc5 35. Rh1 a5 36. Rh7+ Kb6 37. Nd6 Be6 38. Kc3 Bd4+ 39. Kc2 a4 40. Re7
Bb3+ 41. Kb1 a3 0-1

[Event "ARA Campeonato de Aragon por Equipos Preferente Grupo I (204363)"]
[Site ""]
[Date "2019.03.02"]
[Round "6.43"]
[White "Miranda Garcia, Eduardo"]
[Black "Millan Martin, Alfonso"]
[Result "1/2-1/2"]
[WhiteElo "1788"]
[BlackElo "1914"]
[PlyCount "0"]
[WhiteTeam "Monsalud-Soluzion"]
[BlackTeam "Ibercaja B"]
[EventDate "2019.01.26"]

1. e4 d5 2. e5 c5 3. f4 Nc6 4. Nf3 Bg4 5. h3 Bxf3 6. Qxf3 e6 7. c3 Qb6 8. Be2
Nge7 9. O-O h5 10. Na3 h4 11. Nc2 Nf5 12. Rd1 Ng3 13. Rb1 g6 14. Kh2 Nxe2 15.
Qxe2 Be7 16. b4 cxb4 17. Nxb4 Nxb4 18. cxb4 O-O 19. d3 Qb5 20. Be3 Rfc8 21. Bc5
Bd8 22. Qb2 Qa4 23. Rdc1 Rc6 24. Bd6 Rac8 25. Rxc6 Qxc6 26. Bc5 b6 27. Be3 Qc2
28. Qxc2 Rxc2 29. Rc1 Rxc1 30. Bxc1 b5 31. Be3 a6 32. Kg1 f5 33. Kf2 Kf7 34.
Kf3 Ke8 35. Ke2 Kd7 36. Kf3 Be7 37. a3 a5 38. Bd2 axb4 39. Bxb4 Bd8 40. Ke3 g5
41. Kf3 Ke8 42. g3 hxg3 43. Kxg3 Kf7 44. Bd2 Kg6 45. fxg5 Bxg5 46. Bxg5 Kxg5
47. h4+ Kh5 48. d4 Kh6 49. Kf4 Kg6 50. Kf3 Kh6 51. Kf4 Kg6 52. Kf3 Kh5 53. Kg3
f4+ 54. Kxf4 Kxh4 55. Kf3 Kh5 56. Kf4 Kh4 57. Kf3 Kh3 58. Kf4 1/2-1/2

[Event "ARA Campeonato de Aragon por Equipos Preferente Grupo I (204363)"]
[Site ""]
[Date "2019.03.02"]
[Round "6.44"]
[White "Garcia Monterde, Francisco Jose"]
[Black "Miranda Herrera, Miguel"]
[Result "0-1"]
[WhiteElo "1872"]
[BlackElo "1748"]
[PlyCount "0"]
[WhiteTeam "Ibercaja B"]
[BlackTeam "Monsalud-Soluzion"]
[EventDate "2019.01.26"]

1. c4 Nf6 2. Nc3 g6 3. g3 d5 4. cxd5 Nxd5 5. Bg2 Nxc3 6. bxc3 Bg7 7. Qb3 Nd7 8.
Ba3 Nb6 9. d3 Be6 10. Qc2 Bd5 11. Nf3 O-O 12. O-O Qd7 13. c4 Bxa1 14. Rxa1 Bxf3
15. Bxf3 c6 16. Bb2 f6 17. a4 Rab8 18. a5 Nc8 19. Kg2 Nd6 20. g4 Nf7 21. h4 Ne5
22. Bxe5 fxe5 23. a6 b5 24. cxb5 cxb5 25. Qb3+ Kg7 26. Kg3 Qd6 27. Qb2 Rb6 28.
Ra5 Qd4 29. Qb3 b4 30. e3 Qc3 31. Qd5 Rbf6 32. Be4 b3 33. Qb7 Qxa5 0-1

[Event "ARA Campeonato de Aragon por Equipos Preferente Grupo I (204363)"]
[Site ""]
[Date "2019.03.02"]
[Round "6.45"]
[White "Romon Poves, Raul"]
[Black "Sierra Aguerri, Joaquin"]
[Result "1/2-1/2"]
[WhiteElo "2257"]
[BlackElo "2082"]
[PlyCount "0"]
[WhiteTeam "Shatranj"]
[BlackTeam "Tauste"]
[EventDate "2019.01.26"]

1. d4 Nf6 2. c4 g6 3. Nc3 Bg7 4. e4 d6 5. Bd3 c6 6. Nge2
a6 7. f3 b5 8. b3 Nbd7 9. O-O O-O 10. Be3 b4 11. Na4 Nb6 12. Nxb6 Qxb6 13. Qd2
c5 14. d5 Bd7 15. Bh6 a5 16. Bxg7 Kxg7 17. f4 a4 18. Rae1 axb3 19. axb3 Ra3 20.
Qb2 Kg8 21. e5 Nxd5 22. exd6 exd6 1/2-1/2

[Event "ARA Campeonato de Aragon por Equipos Preferente Grupo I (204363)"]
[Site ""]
[Date "2019.03.02"]
[Round "6.46"]
[White "Fernandez Rubio, Rafael"]
[Black "Franco Ibanez, Carlos"]
[Result "1-0"]
[WhiteElo "2054"]
[BlackElo "1978"]
[PlyCount "0"]
[WhiteTeam "Tauste"]
[BlackTeam "Shatranj"]
[EventDate "2019.01.26"]

1. b3 Nf6 2. Bb2 d5 3. f4 g6 4. Nf3 Bg7 5. e3 O-O 6. Be2
c5 7. O-O Nc6 8. h3 d4 9. Qe1 Nd5 10. Bc4 Ndb4 11. Na3 dxe3 12. Bxg7 exd2 13.
Qh4 Kxg7 14. Rad1 e6 15. Qf2 Qe7 16. Nxd2 a6 17. Rfe1 b5 18. Bf1 Nxa2 19. Nab1
f5 20. Nf3 b4 21. Rd5 Bd7 22. Rxc5 Rfc8 23. Bc4 Nd8 24. Qd4+ Kg8 25. Rd5 Bb5
26. Bxb5 axb5 27. Rd7 Qc5 28. Rxd8+ 0-1

[Event "ARA Campeonato de Aragon por Equipos Preferente Grupo I (204363)"]
[Site ""]
[Date "2019.03.02"]
[Round "6.47"]
[White "Del Corral Abancens, Alfonso"]
[Black "Turon Perez, David"]
[Result "1-0"]
[WhiteElo "1878"]
[BlackElo "1898"]
[PlyCount "0"]
[WhiteTeam "Shatranj"]
[BlackTeam "Tauste"]
[EventDate "2019.01.26"]

1. e4 c5 2. d4 cxd4 3. c3 dxc3 4. Nxc3 d6 5. Bc4 Nc6 6.
Nf3 Bg4 7. Bxf7+ Kxf7 8. Ng5+ Ke8 9. Qxg4 Qd7 10. Qxd7+ Kxd7 11. Nf7 g6 12.
Nxh8 Ke8 13. Nd5 Rc8 14. O-O Bg7 15. Nxg6 hxg6 16. f4 Nd4 17. Be3 Nc2 18. Rac1
Bxb2 19. Rb1 Nxe3 20. Nxe3 Bd4 21. Rfe1 Nf6 22. f5 gxf5 23. exf5 Rc2 24. Rxb7
Rc5 1-0

[Event "ARA Campeonato de Aragon por Equipos Preferente Grupo I (204363)"]
[Site ""]
[Date "2019.03.02"]
[Round "6.48"]
[White "Muro Turon, Raul"]
[Black "Santos Hernandez, Higinio"]
[Result "1/2-1/2"]
[WhiteElo "1830"]
[BlackElo "1392"]
[PlyCount "0"]
[WhiteTeam "Tauste"]
[BlackTeam "Shatranj"]
[EventDate "2019.01.26"]

1. e4 c5 2. c3 d5 3. exd5 Qxd5 4. d4 Nf6 5. Nf3 e6 6. Na3
a6 7. Nc2 Nc6 8. Be2 Be7 9. O-O O-O 10. Be3 cxd4 11. Ncxd4 Nxd4 12. Nxd4 Rd8
13. Bf3 Qd6 14. Qc2 Rb8 15. Rad1 Qc7 16. Bg5 e5 17. Nf5 Bxf5 18. Qxf5 g6 19.
Qc2 Kg7 20. Qc1 Ng8 21. Be3 f5 22. g3 Nf6 23. Bh6+ Kg8 24. Qc2 b5 25. Qb3+ Qc4
26. Qxc4+ bxc4 27. Rxd8+ Rxd8 28. Rd1 Rxd1+ 29. Bxd1 Nd7 30. Be2 1/2-1/2

[Event "ARA Campeonato de Aragon por Equipos Preferente Grupo I (204363)"]
[Site ""]
[Date "2019.03.02"]
[Round "6.52"]
[White "Solanas Godes, Beatriz"]
[Black "Galvez Longas, Isaac"]
[Result "0-1"]
[WhiteElo "1804"]
[BlackElo "1715"]
[PlyCount "0"]
[WhiteTeam "St. Casablanca C"]
[BlackTeam "Ejea"]
[EventDate "2019.01.26"]

1. e4 d5 2. exd5 Qxd5 3. Nc3 Qa5 4. d4 Nf6 5. Bd2 c6 6. Ne4 Qc7 7. Bd3 Nbd7 8.
Nf3 Nxe4 9. Bxe4 Nf6 10. Bd3 Bg4 11. h3 Bh5 12. g4 Bg6 13. Bxg6 hxg6 14. Ne5 e6
15. Qf3 Bd6 16. Nc4 O-O-O 17. Ba5 b6 18. Nxd6+ Qxd6 19. Bc3 Qd5 20. Qxd5 Rxd5
21. f3 Rhd8 22. a4 Ne8 23. b3 c5 24. dxc5 Rxc5 25. Bb4 Rxc2 26. O-O Rd3 27.
Rfc1 Rxc1+ 28. Rxc1+ Kd7 29. Rc3 Rd1+ 30. Kf2 Nc7 31. Bf8 Rd2+ 32. Ke1 Rh2 33.
f4 Nd5 34. Rd3 Kc6 35. f5 gxf5 36. gxf5 exf5 37. Bxg7 Kd6 38. Bd4 Ke6 39. Rf3
f4 40. a5 Kf5 41. axb6 axb6 42. Bg1 Ra2 43. Rd3 Ra1+ 44. Rd1 Rxd1+ 45. Kxd1 b5
46. Bf2 Ke4 47. Ke2 Nf6 48. Be1 Nh5 49. h4 0-1

[Event "ARA Campeonato de Aragon por Equipos Preferente Grupo II (204366)"]
[Site ""]
[Date "2019.03.02"]
[Round "6.53"]
[White "Vallverdu Miret, Oscar"]
[Black "Farinas Argudo, Adrian"]
[Result "0-1"]
[WhiteElo "2089"]
[BlackElo "1794"]
[PlyCount "0"]
[WhiteTeam "Fraga"]
[BlackTeam "Marcos Frechin B"]
[EventDate "2019.01.26"]

1. d4 d5 2. Nf3 Nf6 3. c3 c6 4. Bf4 Bf5 5. e3 e6 6. Nbd2 Nbd7 7. Be2 h6 8. h3
Be7 9. O-O O-O 10. Rc1 Qa5 11. a3 b5 12. Ra1 Qb6 13. Qb3 a6 14. Rfc1 c5 15. Ne5
Rfc8 16. a4 c4 17. Qa2 b4 18. a5 Qb7 19. cxb4 Qxb4 20. Ndf3 Nxe5 21. Nxe5 Ne4
22. b3 Nc3 23. Qb2 Nxe2+ 24. Qxe2 cxb3 25. Nd3 Bxd3 26. Qxd3 b2 27. Rxc8+ Rxc8
28. Rf1 Rc1 29. e4 Rxf1+ 30. Qxf1 0-1

[Event "ARA Campeonato de Aragon por Equipos Preferente Grupo II (204366)"]
[Site ""]
[Date "2019.03.02"]
[Round "6.54"]
[White "Hususan, Melisa"]
[Black "Aribau Rivas, Miguel Angel"]
[Result "0-1"]
[WhiteElo "1763"]
[BlackElo "2043"]
[PlyCount "0"]
[WhiteTeam "Marcos Frechin B"]
[BlackTeam "Fraga"]
[EventDate "2019.01.26"]

1. e4 e6 2. d3 d5 3. Nd2 Nf6 4. Ngf3 b6 5. g3 dxe4 6. dxe4 Bb7 7. Bb5+ c6 8.
Bd3 Na6 9. Qe2 Nc5 10. Bc4 b5 11. Bb3 a5 12. a3 Be7 13. O-O O-O 14. Re1 Re8 15.
Ba2 Qc7 16. Nd4 Red8 17. N4b3 Na4 18. Nf3 e5 19. Nbd2 Ba6 20. Ng5 Rf8 21. h4 h6
22. Ngf3 Nc5 23. Nh2 b4 24. Qf3 Ne6 25. Nb3 a4 26. Nd2 c5 27. Nc4 Nd4 28. Qd1
Rfd8 29. Nd2 Rab8 30. c3 bxc3 31. bxc3 Nb3 32. Rb1 Bd3 33. Rb2 c4 34. Bb1 Bxa3
35. Bxd3 Bxb2 36. Bxb2 Rxd3 37. Re2 Qd6 38. Nhf1 Nxd2 39. Rxd2 Rxd2 40. Nxd2
Rxb2 0-1

[Event "ARA Campeonato de Aragon por Equipos Preferente Grupo II (204366)"]
[Site ""]
[Date "2019.03.02"]
[Round "6.55"]
[White "Casas Chine, German"]
[Black "Alas Sebastian, Yasmina"]
[Result "0-1"]
[WhiteElo "1785"]
[BlackElo "1729"]
[PlyCount "0"]
[WhiteTeam "Fraga"]
[BlackTeam "Marcos Frechin B"]
[EventDate "2019.01.26"]


1. e4 c5 2. Nc3 g6 3. Bc4 Bg7 4. d3 e6 5. a3 Ne7 6. h4 Nbc6 7. h5 O-O 8. hxg6
fxg6 9. Be3 d5 10. exd5 exd5 11. Ba2 c4 12. Bg5 Qb6 13. Nge2 Qxf2+ 14. Kd2 Bg4
15. dxc4 Qf5 16. Bf4 Bxc3+ 17. Kxc3 Bxe2 18. Qxe2 d4+ 19. Kb3 Qxf4 20. c5 Kg7
21. Rh3 Na5+ 0-1

[Event "ARA Campeonato de Aragon por Equipos Preferente Grupo II (204366)"]
[Site ""]
[Date "2019.03.02"]
[Round "6.56"]
[White "Moya Gimeno, Raul"]
[Black "Agustin De Dios, Adrian"]
[Result "1-0"]
[WhiteElo "1710"]
[BlackElo "1717"]
[PlyCount "0"]
[WhiteTeam "Marcos Frechin B"]
[BlackTeam "Fraga"]
[EventDate "2019.01.26"]

1. e4 c5 2. Nf3 d6 3. d4 cxd4 4. Nxd4 Nf6 5. Nc3 a6 6. Be3 e5 7. Nb3 Ng4 8. Bc1
Qb6 9. Qe2 Be6 10. f3 Nf6 11. Be3 Qc7 12. O-O-O b5 13. g4 Nc6 14. g5 Nh5 15.
Nd5 Bxd5 16. exd5 Ne7 17. Bh3 g6 18. Rhf1 Bg7 19. f4 Qc4 20. Qxc4 bxc4 21. Na5
c3 22. b3 exf4 23. Bxf4 Nxf4 24. Rxf4 O-O 25. Nc6 Rae8 26. Bd7 Nf5 27. Bxe8
Rxe8 28. Rf2 Re4 29. Rdf1 h6 30. gxh6 Bxh6+ 31. Kb1 Kg7 32. a4 Bd2 33. Rh1 Rg4
34. Rff1 Ne3 35. Rfg1 Rf4 36. h4 Nxd5 37. h5 Re4 38. Nd8 Re8 39. h6+ Bxh6 40.
Nxf7 Bf4 41. Rd1 Kxf7 42. Rxd5 g5 43. Rd3 Rc8 44. Rf1 Ke6 45. Ka2 Be5 46. b4 g4
47. Re3 g3 48. Re2 Rg8 49. Kb3 d5 50. Rfe1 Rg5 51. b5 axb5 52. axb5 Kd6 53. Kb4
Rg4+ 54. Ka5 Bd4 55. Re6+ Kd7 56. Re7+ Kd8 57. Re8+ Kd7 58. R1e7+ Kd6 59. Re6+
Kd7 60. R8e7+ Kd8 61. b6 Bxb6+ 62. Kxb6 g2 63. Kc6 Rc4+ 64. Kd6 Kc8 65. Rg7 1-0

[Event "ARA Campeonato de Aragon por Equipos Preferente Grupo II (204366)"]
[Site ""]
[Date "2019.03.02"]
[Round "6.58"]
[White "Bayona Bafaluy, Jose Maria"]
[Black "Alonso Blasco, Jose Miguel"]
[Result "1/2-1/2"]
[WhiteElo "1813"]
[BlackElo "1958"]
[PlyCount "0"]
[WhiteTeam "Binefar"]
[BlackTeam "Las Fuentes"]
[EventDate "2019.01.26"]

1. e4 c6 2. d4 d5 3. Nc3 dxe4 4. Nxe4 Nf6 5. Nxf6+ gxf6 6. Bc4 Bf5 7. g4 Be4 8.
f3 Bg6 9. Bf4 Qb6 10. Bb3 Nd7 11. Qd2 O-O-O 12. Be3 e6 13. O-O-O c5 14. Ne2
cxd4 15. Nxd4 Bc5 16. Rhe1 Ne5 17. Qc3 Kb8 18. Nf5 Bxe3+ 19. Nxe3 Rc8 20. Nc4
Nxc4 21. Bxc4 Qc7 22. b3 b5 23. Qb4 Qb6 24. Rd6 Qc5 25. Qxb5+ Qxb5 26. Bxb5
Rxc2+ 27. Kd1 Rxa2 28. Re2 Ra5 29. Bc4 Kc7 30. Red2 Rc5 31. Rd7+ Kb8 32. Ke2
Rc7 33. Ke3 f5 34. g5 a5 35. Rxc7 Kxc7 36. Ra2 Kb6 37. Rd2 h6 38. h4 hxg5 39.
hxg5 Rh3 40. Rd6+ Kc5 41. Ra6 Kb4 42. Rb6+ Kc3 43. Rc6 Kb4 44. Rb6+ Kc3 45. Bf1
Rh2 46. Bc4 1/2-1/2

[Event "ARA Campeonato de Aragon por Equipos Preferente Grupo II (204366)"]
[Site ""]
[Date "2019.03.02"]
[Round "6.59"]
[White "Querol Soro, Sergio"]
[Black "Garcia Alriols, Jesus"]
[Result "1/2-1/2"]
[WhiteElo "1927"]
[BlackElo "1806"]
[PlyCount "0"]
[WhiteTeam "Las Fuentes"]
[BlackTeam "Binefar"]
[EventDate "2019.01.26"]

1. Nf3 Nf6 2. g3 d5 3. Bg2 g6 4. d4 Bg7 5. c4 c6 6. cxd5 cxd5 7. O-O O-O 8. Nc3
Nc6 9. Bf4 Nh5 10. Be3 e6 11. Rc1 Bd7 12. Na4 b6 13. Nc3 Rc8 14. Qd2 Re8 15.
Bh6 Bh8 16. e4 Ne7 17. e5 f6 18. g4 fxe5 19. gxh5 e4 20. Ne5 Bf6 21. hxg6 Nxg6
22. Nxg6 hxg6 23. Bf4 Rc4 24. Be3 Re7 25. f3 exf3 26. Rxf3 Rh7 27. Rcf1 Be7 28.
Bg5 Bxg5 29. Rf8+ Kg7 30. R1f7+ Kh6 31. Rxh7+ Kxh7 32. Rxd8 Bxd2 33. Rxd7+ Kh6
34. Rd6 Be3+ 35. Kf1 Bxd4 36. Rxe6 Bc5 37. Bxd5 Rf4+ 38. Ke1 Kh5 39. Re8 Rb4
40. Re2 Rf4 41. Ne4 Bd4 42. b3 Rf8 43. Rd2 Bg7 44. Rg2 Kh6 45. Rg3 Bd4 46. Ke2
Rf5 47. Bc4 b5 48. Bd3 Re5 49. Kd2 b4 50. Nd6 Bc3+ 51. Kc2 Re6 52. Nb5 Be1 53.
Rh3+ Kg7 54. Nxa7 Rf6 55. Kd1 Bc3 56. Ke2 Re6+ 57. Re3 Rf6 58. Nb5 Ba1 59. Re4
Ra6 60. Rxb4 Rxa2+ 1/2-1/2

[Event "ARA Campeonato de Aragon por Equipos Preferente Grupo II (204366)"]
[Site ""]
[Date "2019.03.02"]
[Round "6.60"]
[White "Arino Castan, Federico"]
[Black "Artal Alegria, Francisco Javier"]
[Result "0-1"]
[WhiteElo "1727"]
[BlackElo "1841"]
[PlyCount "0"]
[WhiteTeam "Binefar"]
[BlackTeam "Las Fuentes"]
[EventDate "2019.01.26"]

1. d4 Nf6 2. c4 e5 3. e3 exd4 4. exd4 Bb4+ 5. Bd2 Qe7+ 6. Qe2 Bxd2+ 7. Nxd2 Nc6
8. Ngf3 d6 9. Qxe7+ Nxe7 10. Bd3 Bf5 11. Bxf5 Nxf5 12. O-O O-O 13. b4 Rfe8 14.
Rfe1 Rxe1+ 15. Rxe1 Kf8 16. h3 h5 17. Kf1 Re8 18. a4 h4 19. a5 Rxe1+ 20. Kxe1
Nh5 21. Kf1 Nf4 22. Nb3 Ke8 23. b5 b6 24. a6 d5 25. c5 f6 26. Ne1 Kd7 27. Nc2
Ne6 28. Ke2 Ne7 29. Nb4 Ng5 30. f3 Ne6 31. Kf2 Nf4 32. Nc1 Ne6 33. Nb3 Nf4 34.
Kg1 Ne2+ 35. Kf2 Nc3 36. Na5 Nxb5 37. c6+ Ke6 38. Nb7 Nxd4 39. Nd8+ Kd6 40.
Nb7+ Ke5 41. Ke3 Ndxc6 42. Nd3+ Ke6 43. Nf4+ 0-1

[Event "ARA Campeonato de Aragon por Equipos Preferente Grupo II (204366)"]
[Site ""]
[Date "2019.03.02"]
[Round "6.61"]
[White "Buisac Anadon, Pablo"]
[Black "Larrosa Poves, Jose Manuel"]
[Result "1/2-1/2"]
[WhiteElo "1864"]
[BlackElo "1912"]
[PlyCount "0"]
[WhiteTeam "Jaque B"]
[BlackTeam "Agrupacion C"]
[EventDate "2019.01.26"]

1. d4 Nf6 2. Nf3 d5 3. g3 Bf5 4. Bg2 e6 5. c4 c6 6. Qb3 Qb6 7. c5 Qxb3 8. axb3
Be7 9. Nc3 Na6 10. O-O O-O 11. Ne5 Rfd8 12. Nxc6 bxc6 13. Rxa6 Rdb8 14. Rxc6
Rxb3 15. Rd1 Rb4 16. h3 a5 17. f3 Bc2 18. Rd2 Bb3 19. Kh2 a4 20. e4 Bc4 21. Rb6
Rxb6 22. cxb6 Ra6 23. b7 Nd7 24. exd5 exd5 25. Rd1 Bb4 26. Bd2 Bxc3 27. Bxc3
Rb6 28. f4 Rxb7 29. g4 h6 30. Ra1 Bb3 31. Kg3 Nf6 32. f5 Rc7 33. Kf4 Ne8 34.
Bf1 Nd6 35. Bd3 Nc4 1/2-1/2

[Event "ARA Campeonato de Aragon por Equipos Preferente Grupo II (204366)"]
[Site ""]
[Date "2019.03.02"]
[Round "6.63"]
[White "Pascual Sese, Lucas"]
[Black "Martin Pastor, Ivan"]
[Result "0-1"]
[WhiteElo "1712"]
[BlackElo "1778"]
[PlyCount "0"]
[WhiteTeam "Jaque B"]
[BlackTeam "Agrupacion C"]
[EventDate "2019.01.26"]

1. d4 c5 2. c3 Nf6 3. Nf3 g6 4. Bf4 Bg7 5. e3 O-O 6. Nbd2 b6 7. Be2 Bb7 8. h3
d6 9. Bg3 e6 10. O-O Nc6 11. a3 Qe7 12. Qc2 Rac8 13. Qa4 d5 14. Rac1 Nd7 15. b4
a6 16. bxc5 bxc5 17. Rb1 Ndb8 18. Rb6 c4 19. Rfb1 Ba8 20. Ne5 Nxe5 21. dxe5 Bc6
22. Qa5 Bb5 23. a4 Nc6 24. Rxc6 Bxc6 25. Qxa6 Qc7 26. a5 Bxe5 27. f4 Bxc3 28.
Nf3 Qxa5 29. Qxa5 Bxa5 30. Ra1 Ra8 31. Kh1 Bc7 32. Rc1 Ra2 33. Bf1 Rfa8 0-1

[Event "ARA Campeonato de Aragon por Equipos Preferente Grupo II (204366)"]
[Site ""]
[Date "2019.03.02"]
[Round "6.64"]
[White "Gimeno Diaz, Fernando"]
[Black "Huerva Lacuna, Isidro"]
[Result "1-0"]
[WhiteElo "1733"]
[BlackElo "1570"]
[PlyCount "0"]
[WhiteTeam "Agrupacion C"]
[BlackTeam "Jaque B"]
[EventDate "2019.01.26"]

1. d4 Nf6 2. Nf3 g6 3. c4 Bg7 4. Nc3 O-O 5. e4 d6 6. Be2 Nbd7 7. O-O e5 8. d5
Nc5 9. Nd2 a5 10. Rb1 b6 11. b3 Bb7 12. a3 Bh6 13. Qc2 Ne8 14. b4 axb4 15. axb4
Nd7 16. Nb3 Bxc1 17. Rfxc1 c5 18. bxc5 bxc5 19. Ra1 f5 20. Rxa8 Bxa8 21. Ra1
fxe4 22. Nxe4 Ndf6 23. Ng5 Ng7 24. Ra7 Qb6 25. Qa2 Bb7 26. Ra5 Qb4 27. Nd2 e4
28. Rb5 Qc3 29. Rxb7 e3 30. Nf1 exf2+ 31. Kh1 Qe1 32. h3 Nfh5 33. Kh2 Nf4 34.
Qb2 Nf5 35. Rxh7 Nd4 36. Qb7 Nf5 37. Rh8+ 1-0

[Event "ARA Campeonato de Aragon por Equipos Preferente Grupo II (204366)"]
[Site ""]
[Date "2019.03.02"]
[Round "6.65"]
[White "Veras Sanz, Marino"]
[Black "Cebollada Pacheco, Jesus Raul"]
[Result "1-0"]
[WhiteElo "2084"]
[BlackElo "2031"]
[PlyCount "0"]
[WhiteTeam "El Olivar B"]
[BlackTeam "St. Casablanca B"]
[EventDate "2019.01.26"]

1. Nf3 Nf6 2. g3 g6 3. Bg2 Bg7 4. O-O O-O 5. d4 d6 6. c4 Nbd7 7. Nc3 e5 8. h3
c6 9. e4 Qa5 10. Rb1 Qb4 11. b3 Qxc3 12. Bd2 Qd3 13. Re1 Nxe4 14. Bf1 Nc3 15.
Bxd3 Nxd1 16. Rbxd1 exd4 17. Bf4 Ne5 18. Nxd4 Bxh3 19. Bf1 Bxf1 20. Rxf1 Rfe8
21. Nc2 Rad8 22. Kg2 h6 23. Ne3 g5 24. Bxe5 Rxe5 25. Rd3 Kh7 26. Rfd1 Bf8 27.
g4 Kg6 28. Rh1 Rde8 29. Nf5 Re4 30. Rxd6+ Bxd6 31. Rxh6# 1-0

[Event "ARA Campeonato de Aragon por Equipos Preferente Grupo II (204366)"]
[Site ""]
[Date "2019.03.02"]
[Round "6.66"]
[White "Sanjulian Arruga, Pablo"]
[Black "Bailo Remacha, Santiago"]
[Result "1-0"]
[WhiteElo "1850"]
[BlackElo "1965"]
[PlyCount "0"]
[WhiteTeam "St. Casablanca B"]
[BlackTeam "El Olivar B"]
[EventDate "2019.01.26"]

1. c4 c5 2. Nf3 Nc6 3. Nc3 g6 4. d4 cxd4 5. Nxd4 Bg7 6. Nc2 Nf6 7. e4 O-O 8.
Be3 d6 9. Be2 Ne5 10. h3 Be6 11. b3 a6 12. Nd4 Bd7 13. O-O Rc8 14. Rc1 Nc6 15.
f4 Qa5 16. Qd2 Nxd4 17. Bxd4 Bc6 18. Bf3 b5 19. e5 dxe5 20. fxe5 Rfd8 21. Bxc6
Rxc6 22. Qf2 b4 23. exf6 Bxf6 24. Nd5 Bxd4 25. Qxd4 e6 26. Ne7+ 1-0

[Event "ARA Campeonato de Aragon por Equipos Preferente Grupo II (204366)"]
[Site ""]
[Date "2019.03.02"]
[Round "6.67"]
[White "Arinez Bruna, Octavio"]
[Black "Ayensa Garcia, Miguel Angel"]
[Result "1/2-1/2"]
[WhiteElo "1905"]
[BlackElo "1849"]
[PlyCount "0"]
[WhiteTeam "El Olivar B"]
[BlackTeam "St. Casablanca B"]
[EventDate "2019.01.26"]


1. Nf3 Nf6 2. c4 c5 3. g3 Nc6 4. Nc3 g6 5. Bg2 Bg7 6. d4 cxd4 7. Nxd4 Nxd4 8.
Qxd4 d6 9. O-O O-O 10. Qd3 Nd7 11. b3 Nc5 12. Qd2 a5 13. Bb2 Bd7 14. Rfd1 Bc6
15. Nd5 Bxb2 16. Qxb2 Nd7 17. Qd4 Rb8 18. Rac1 Nc5 19. Qh4 Bxd5 20. Bxd5 e6 21.
Qxd8 Rfxd8 22. Bf3 Kf8 23. h4 Ke7 24. e3 b5 25. cxb5 Rxb5 26. Be2 Rb6 27. Rc4
Rb4 28. Rdc1 Rdb8 29. Kg2 a4 30. bxa4 Rxc4 31. Bxc4 Nxa4 32. Bb3 Nc5 33. Rc3 h5
34. Kf3 Nxb3 35. axb3 d5 36. Ke2 Kd6 37. Kd3 f6 38. e4 g5 39. f3 e5 40. exd5
Kxd5 41. Ke3 gxh4 42. gxh4 Rb4 43. Rd3+ Ke6 44. Kf2 Rxh4 45. Rd8 Rb4 46. Rh8 h4
47. Kg2 f5 48. Re8+ Kf6 49. Rf8+ Kg6 50. Rg8+ Kf7 51. Rh8 Kg7 52. Rh5 Kg6 53.
Rh8 Kg5 54. Rg8+ Kf4 55. Rh8 Ke3 56. Rh5 e4 57. fxe4 f4 58. Rxh4 f3+ 59. Kg3 f2
60. Rf4 Rxb3 61. Rf8 Kxe4+ 62. Kxf2 1/2-1/2

[Event "ARA Campeonato de Aragon por Equipos Preferente Grupo II (204366)"]
[Site ""]
[Date "2019.03.02"]
[Round "6.68"]
[White "Lazaro Abadias, Andres"]
[Black "Munoz Valles, Jorge"]
[Result "1-0"]
[WhiteElo "1535"]
[BlackElo "1441"]
[PlyCount "0"]
[WhiteTeam "St. Casablanca B"]
[BlackTeam "El Olivar B"]
[EventDate "2019.01.26"]

1. c4 e5 2. Nc3 Nf6 3. Nf3 Nc6 4. g3 g6 5. Bg2 Bg7 6. O-O O-O 7. d3 d6 8. a3 a5
9. Rb1 Nh5 10. b4 axb4 11. axb4 f5 12. Bd2 Be6 13. Ng5 Bf7 14. Nxf7 Kxf7 15.
Bd5+ Ke8 16. f4 Ne7 17. Bxb7 Rb8 18. Bf3 Nf6 19. Qb3 c6 20. e4 Qb6+ 21. Kg2
fxe4 22. Nxe4 Nxe4 23. Bxe4 Nf5 24. Bxf5 gxf5 25. Rbe1 c5 26. b5 Qb7+ 27. Kg1
Rf7 28. Be3 Kf8 29. Qd1 Qd7 30. Qf3 Rb6 31. Re2 h6 32. Ra2 Kg8 33. Rff2 Qe6 34.
Ra8+ Kh7 35. Rfa2 e4 36. Qe2 Bd4 37. R8a7 Rxa7 38. Rxa7+ Kg6 39. dxe4 Qxe4 40.
Kf2 Bxe3+ 41. Qxe3 Qxc4 42. Qe8+ Kf6 43. Qf8+ Kg6 44. Rg7+ Kh5 45. g4+ 1-0

[Event "ARA Campeonato de Aragon por Equipos Preferente Grupo II (204366)"]
[Site ""]
[Date "2019.03.02"]
[Round "6.70"]
[White "Rodriguez Leiva, Manuel"]
[Black "Barranco Mananet, Fernando"]
[Result "0-1"]
[WhiteElo "1932"]
[BlackElo "2045"]
[PlyCount "0"]
[WhiteTeam "Jaime Casas B"]
[BlackTeam "Monzon"]
[EventDate "2019.01.26"]

1. c4 e5 2. Nc3 Bb4 3. Nd5 a5 4. Nxb4 axb4 5. b3 c5 6. Bb2 Nc6 7. g3 Nge7 8. e4
O-O 9. Nf3 d6 10. h3 h6 11. Bg2 Be6 12. O-O Qd7 13. Kh2 f5 14. d3 Ng6 15. Nd2
f4 16. g4 Nh4 17. Nf3 Ng6 18. Ng1 Rf7 19. g5 f3 20. Bxf3 Raf8 21. Qe2 Nf4 22.
Qe3 Nxh3 23. gxh6 g6 24. Be2 Nxf2 25. Qg5 Kh7 26. Qg2 Bg4 27. Rae1 Bxe2 28.
Nxe2 Ng4+ 29. Kg1 Rxf1+ 30. Rxf1 Ne3 31. Rxf8 Nxg2 32. Kxg2 Qe7 33. Rf2 Kxh6
34. Bc1+ Kg7 35. Rf3 Qh4 36. Rg3 Qh5 37. Kf2 Nd4 38. Nxd4 exd4 39. Bf4 Qh2+ 40.
Kf3 Qxa2 41. Bxd6 Qxb3 42. Kf4 Qc3 43. Ke5 b3 44. Ke6 Qb4 45. Be5+ Kh6 46. Bf6
Qb6+ 47. Kf7 Qc7+ 0-1